000 00963cam a2200241 4500
008 090401t1994 xxu||||| |||| 00| 0 eng d
020 _a0421472006
035 _a(Sirsi) u13109
041 _aeng
050 _a346.4104346
100 _aTabbush, S.J.
245 _aResident-owned flats: a guide to company purchase and management of freehold.
260 _aLondon
_bSweet & Maxwell
_c1994
300 _axxi,391p. ; 25cm.
350 _a48
520 _aA step-by-step guide for solicitors or other professionals involved in the purchase of the freehold of a house or block of flats by residents who form a company for the purpose. Looks at the setting up and running of such a company and the organisation of company accounts.
650 _aLEASEHOLD FLATS
650 _aLEASEHOLD REFORM, HOUSING AND URBAN DEVELOPMENT ACT 1993
650 _aLEASEHOLD REFORM
690 _aLANDLORD AND TENANT-LEASEHOLD REFORM
942 _n0
948 _c04/03/1997
999 _c87058
_d87058